Produkty devízového trhu zahraničná výmena tovaru je vzájomnou výmenou meny

Základné typy zahraničnej výmeny tovaru a tým aj meny. Produkty devízového trhu. Charakteristika spotových, krížových a forwardových kontraktov a ich kurzov.

Salvato in:
Dettagli Bibliografici
Autore principale: Steigauf, Slavomír
Natura: Capitolo di libro
Lingua:slovacco
Soggetti:
Tags: Aggiungi Tag
Nessun Tag, puoi essere il primo ad aggiungerne!!

MARC

LEADER 00000naa a2200000 4500
001 r032652
005 20230824095352.2
041 0 |a slo 
044 |a SK 
245 1 0 |a Produkty devízového trhu  |b zahraničná výmena tovaru je vzájomnou výmenou meny  |c Slavomír Steigauf 
520 |a Základné typy zahraničnej výmeny tovaru a tým aj meny. Produkty devízového trhu. Charakteristika spotových, krížových a forwardových kontraktov a ich kurzov. 
610 2 0 |a trh devízový 
610 2 0 |a vzťahy devízovo-finančné 
610 2 0 |a vzťahy peňažné medzinárodné 
610 2 0 |a kontrakty 
610 2 0 |a kurz výmenný 
610 2 0 |a výmena peňazí 
610 2 0 |a výmena tovarová 
100 1 |a Steigauf, Slavomír